Živým okom objektívu

Podrobná bibliografia
Hlavný autor: Apfel, Viliam, 1940-2024 (Autor)
Médium: Článok
Jazyk:slovenčina
ISSN:1335-7786
Predmet:

MARC

LEADER 00000nab a2200000 a 4500
001 vtls009001604
003 SK-MaSNL
005 20260304152648.0
008 250506c2007 xo mr|p|||||||000 b|slo
015 |a SNBRB2007/06  |2 snkbucl 
035 |a (uuid)6f8097a0-30ef-43ab-a50f-25918a1d53f3 
035 |a urn:nbn:sk:snk-abet1q 
035 |a (urnnbn)urn:nbn:sk:snk:ar-000b2p 
038 |a SNKBUCL 
040 |a SNKBUCL  |b slo  |c SNKBUCL  |e AACR2 
041 0 |a slo 
044 |a xo  |c SK 
080 |a 77.04-051  |x (048)  |2 1997 
100 1 |a Apfel, Viliam,  |d 1940-2024  |4 aut  |9 93648 
245 1 0 |a Živým okom objektívu  |c Viliam Apfel 
600 1 7 |a Nehera, Otakar,  |d 1917-2009  |2 snkbucl  |9 57449 
655 7 |a recenzie  |2 snkbucl  |9 21907 
740 0 2 |a Životný príbeh fotografa Otakara Neheru 
773 0 |t Slovenské pohľady  |g Roč. IV.+123., č. 6 (2007), s. 131-133  |x 1335-7786 
787 0 8 |i Rec.:  |a Čomaj, Ján, 1935-  |t Zastavený čas : životný príbeh fotografa Otakara Neheru  |d Bratislava : Perfekt, c2006  |z 8080463514 
850 |a Slovenská národná knižnica 
852 |a Slovenská národná knižnica 
958 |a article27 
958 |a SK 
958 |a RC 
958 |a OND 
958 |a EUIPO 
999 |c 2950345  |d 2952275